000
00240nam a2200109Ia 4500
999
_c
8409
_d
8409
020
_a
978-8177581799
100
_a
S. Tanenbaum
245
0
_a
Distributed Operating Systems
260
_a
USA
_b
McGraw Hill
_c
1998
300
_a
405
942
_c
BK